000 00562nam a22001697a 4500
005 20251108164223.0
008 250721s1982 xx 000 0 ara d
082 1 4 _a840.9/فؤا
100 1 _aأبو منصور، فؤاد
245 1 0 _aأراغون في مواجهة العصر :
_bقروي باريس يكشف أوراق مجنون /
264 1 _aبيروت :
_bالمؤسسة العربية للدراسات،
_c1982.
300 _a298 ص
650 1 7 _aالأدب الفرنسي
650 1 7 _aالنقد الأدبي
942 _2ddc
_cBK
999 _c6688
_d6688